书目信息 |
| 题名: |
新疆自助游
|
|
| 作者: | ;上海唐玛城邦咨询公司 编著 | |
| 分册: | ||
| 出版信息: | 北京 人民邮电出版社 2011.03 |
|
| 页数: | 381页 | |
| 开本: | 21cm | |
| 丛书名: | 藏羚羊自助游系列 | |
| 单 册: | ||
| 中图分类: | K928.945 | |
| 科图分类: | ||
| 主题词: | 旅游指南--新疆 | |
| 电子资源: | ||
| ISBN: | 978-7-115-25974-5 | |
| 000 | 00959nam0 2200253 45 | |
| 001 | 512 | |
| 005 | 20120604092512.50 | |
| 010 | @a978-7-115-25974-5@dCNY49.80 | |
| 100 | @a20120328d2011 em y0chiy50 ea | |
| 101 | 0 | @achi |
| 102 | @aCN@b110000 | |
| 105 | @ay z 000yy | |
| 106 | @ar | |
| 200 | 1 | @a新疆自助游@AXin Jiang Zi Zhu You@f上海唐玛城邦咨询有限公司北京分公司编著@FShang Hai Tang Ma Cheng Bang Zi Xun You Xian Gong Si Bei Jing Fen Gong Si Bian Zhu |
| 210 | @a北京@c人民邮电出版社@d2011.03 | |
| 215 | @a381页@c图, 地图@d21cm | |
| 225 | 2 | @a藏羚羊自助游系列 |
| 330 | @a本书不但对新疆的旅游景点作了详尽的介绍,而且为读者提供了新疆的历史、地理、宗教、气候、民俗等方面的背景资料。 | |
| 461 | 0 | @12001 @a藏羚羊自助游系列 |
| 606 | 0 | @a旅游指南@y新疆 |
| 690 | @aK928.945@v4 | |
| 711 | 02 | @a上海唐玛城邦咨询公司@AShang Hai Tang Ma Cheng Bang Zi Xun Gong Si@b北京分公司@4编著 |
| 801 | 0 | @aCN@bTSTCL@c20120328 |
| 905 | @b0814602-08@dK928.945@e571@f7 | |
| 新疆自助游/上海唐玛城邦咨询有限公司北京分公司编著.-北京:人民邮电出版社,2011.03 |
| 381页:图, 地图;21cm.-(藏羚羊自助游系列) |
| ISBN 978-7-115-25974-5:CNY49.80 |
| 本书不但对新疆的旅游景点作了详尽的介绍,而且为读者提供了新疆的历史、地理、宗教、气候、民俗等方面的背景资料。 |
| ● |
| 相关链接 |
|
|
|
|
正题名:新疆自助游
索取号:K928.945/571
 
预约/预借
| 序号 | 登录号 | 条形码 | 馆藏地/架位号 | 状态 | 备注 |
| 1 | 0814602 | 208146022 | 第二样本阅览室/ [索取号:K928.945/571] | 在馆 | |
| 2 | 0814603 | 208146031 | 第二借阅区/ [索取号:K928.945/571] | 在馆 | |
| 3 | 0814604 | 208146040 | 第二借阅区/ [索取号:K928.945/571] | 在馆 | |
| 4 | 0814605 | 208146059 | 第二借阅区/ [索取号:K928.945/571] | 在馆 | |
| 5 | 0814606 | 208146068 | 第二借阅区/ [索取号:K928.945/571] | 在馆 | |
| 6 | 0814607 | 208146077 | 第二借阅区/ [索取号:K928.945/571] | 在馆 | |
| 7 | 0814608 | 208146086 | 第二借阅区/ [索取号:K928.945/571] | 在馆 |